000 00289nam a22001337a 4500
008 170721b xxu||||| |||| 00| 0 eng d
020 _a9780764535963
041 _aeng
080 _a004
100 _a28
101 _aSHKI
245 _aACCESS 2002 BIBLE
_cPRAGUE, C.N
942 _2udc
_cBK
999 _c21730
_d21730